[Event "VL2021 MVP"]
[Site "MVP"]
[Date "2020.09.27"]
[Round "1.1"]
[White "Wolf, Christoph"]
[Black "Fischer, Torsten"]
[Result "1/2-1/2"]
[WhiteElo "2210"]
[BlackElo "2026"]
[PlyCount "45"]
[EventDate "2020.??.??"]
[EventType "team-tourn"]
[EventRounds "9"]
[EventCountry "GER"]
[WhiteTeam "SF Schwerin II"]
[BlackTeam "SF Schwerin III"]
[WhiteTeamCountry "GER"]
[BlackTeamCountry "GER"]

{[%evp 0,45,25,16,31,19,25,-5,8,-45,-54,-65,-38,-38,-43,-22,-40,-25,-25,-17,
-22,-27,-27,-27,-10,-5,-10,-10,0,-4,18,18,67,62,76,77,77,77,86,96,106,64,64,69,
31,13,13,0]} 1. e4 e5 2. Nf3 Nc6 3. d4 exd4 4. Bc4 Nf6 5. e5 d5 6. Bb5 Ne4 7.
Nxd4 Bd7 8. Bxc6 bxc6 9. O-O Bc5 10. f3 Ng5 11. Be3 Qe7 12. f4 Ne4 13. Nd2 O-O
14. Nxe4 dxe4 15. Qe2 Rad8 16. Nb3 Bg4 17. Qe1 Bxe3+ 18. Qxe3 f5 19. Qxa7 Rd5
20. Qe3 g5 21. h3 gxf4 22. Rxf4 Bh5 23. Raf1 1/2-1/2

[Event "VL2021 MVP"]
[Site "MVP"]
[Date "2020.09.27"]
[Round "1.2"]
[White "Kupfernagel, Michael"]
[Black "Reichmann, Hendrik"]
[Result "0-1"]
[WhiteElo "2030"]
[BlackElo "2348"]
[PlyCount "90"]
[EventDate "2020.??.??"]
[EventType "team-tourn"]
[EventRounds "9"]
[EventCountry "GER"]
[WhiteTeam "SF Schwerin III"]
[BlackTeam "SF Schwerin II"]
[WhiteTeamCountry "GER"]
[BlackTeamCountry "GER"]

1. d4 g6 2. e4 Bg7 3. Nc3 d6 4. Be3 a6 5. a4 b6 6. Bc4 e6 7. Qd2 h6 8. Nge2 Bb7
9. f3 Nf6 10. O-O Nbd7 11. Rad1 Qe7 12. Rfe1 Kf8 13. Nc1 Kg8 14. Nd3 Kh7 15.
Nf2 Rhe8 16. Qe2 d5 17. Bb3 c5 18. e5 Ng8 19. Ba2 cxd4 20. Bxd4 Qb4 21. Qe3
Qxb2 22. Bb3 Qa3 23. Nd3 Qf8 24. Bxb6 Ne7 25. Bd4 Nf5 26. Qf2 Nxd4 27. Qxd4
Rec8 28. Ne2 a5 29. f4 Ba6 30. Nec1 Bc4 31. Re3 Qd8 32. g4 Qb6 33. Qxb6 Nxb6
34. Rf3 Nd7 35. Re1 Bxb3 36. cxb3 Rc3 37. Kg2 Rac8 38. Rff1 Rc2+ 39. Kg3 R8c3
40. Rf3 Rd2 41. Nf2 Rc7 42. Re2 Rd4 43. Rd3 Rb4 44. Na2 Rbb7 45. Rb2 Nxe5 0-1

[Event "VL2021 MVP"]
[Site "MVP"]
[Date "2020.09.27"]
[Round "1.4"]
[White "Rabinowitsch, Juri"]
[Black "Grahl, Arvid"]
[Result "0-1"]
[WhiteElo "1910"]
[BlackElo "2188"]
[PlyCount "56"]
[EventDate "2020.??.??"]
[EventType "team-tourn"]
[EventRounds "9"]
[EventCountry "GER"]
[WhiteTeam "SF Schwerin III"]
[BlackTeam "SF Schwerin II"]
[WhiteTeamCountry "GER"]
[BlackTeamCountry "GER"]

1. e4 d6 2. d4 g6 3. Nc3 Bg7 4. Nf3 a6 5. Be3 b5 6. a3 Bb7 7. Qd2 Nf6 8. d5 c6
9. Be2 cxd5 10. exd5 Nbd7 11. Bh6 O-O 12. Bxg7 Kxg7 13. h4 h5 14. Nd4 Nb6 15.
g4 hxg4 16. h5 Rh8 17. O-O-O Nbxd5 18. hxg6 Nxc3 19. Nf5+ Kxg6 20. Rxh8 Nxe2+
21. Qxe2 Qxh8 22. Nxe7+ Kg7 23. Nf5+ Kg8 24. Ne7+ Kf8 25. Nf5 Re8 26. Qd2 Ne4
27. Qf4 Qf6 28. Re1 Re5 0-1

[Event "VL2021 MVP"]
[Site "MVP"]
[Date "2020.09.27"]
[Round "1.6"]
[White "Voll, Andreas"]
[Black "Kross, Gunnar"]
[Result "0-1"]
[WhiteElo "1880"]
[BlackElo "2049"]
[PlyCount "98"]
[EventDate "2020.??.??"]
[EventType "team-tourn"]
[EventRounds "9"]
[EventCountry "GER"]
[WhiteTeam "SF Schwerin III"]
[BlackTeam "SF Schwerin II"]
[WhiteTeamCountry "GER"]
[BlackTeamCountry "GER"]

1. e4 c6 2. d4 d5 3. Nc3 dxe4 4. Nxe4 Nd7 5. Nf3 Ngf6 6. Ng3 e6 7. Bd3 c5 8.
O-O b6 9. Re1 Be7 10. c3 O-O 11. Qc2 Bb7 12. Ng5 h6 13. Nh7 Nxh7 14. Bxh7+ Kh8
15. dxc5 Bxc5 16. Be4 Qc7 17. Bxb7 Qxb7 18. Bf4 Nf6 19. Rad1 Rad8 20. h3 Rd5
21. Rxd5 Qxd5 22. c4 Qc6 23. Rd1 Rc8 24. Qd3 Qa4 25. Qb3 Qa6 26. Be5 Be7 27.
Qf3 Qxc4 28. Bc3 Kg8 29. Qb7 Qc7 30. Qf3 Qc6 31. Qxc6 Rxc6 32. Rd2 Nd5 33. Bd4
Rc1+ 34. Nf1 f6 35. f3 Bb4 36. Rd3 Nf4 37. Rb3 Be1 38. Be3 Ne2+ 39. Kh2 Rd1 40.
g3 Nc1 41. Bxc1 Rxc1 42. f4 Rc2+ 43. Kg1 Bf2+ 44. Kh1 Kf7 45. Nh2 Ke7 46. Ng4
Bd4 47. Ra3 b5 48. Rd3 Bxb2 49. Ne3 Rc3 0-1

[Event "VL2021 MVP"]
[Site "MVP"]
[Date "2020.09.27"]
[Round "1.7"]
[White "Kutschke, Peter"]
[Black "Pamperin, Gerhard"]
[Result "1-0"]
[WhiteElo "1993"]
[BlackElo "1926"]
[PlyCount "39"]
[EventDate "2020.??.??"]
[EventType "team-tourn"]
[EventRounds "9"]
[EventCountry "GER"]
[WhiteTeam "SF Schwerin II"]
[BlackTeam "SF Schwerin III"]
[WhiteTeamCountry "GER"]
[BlackTeamCountry "GER"]

1. e4 e6 2. c4 d5 3. cxd5 exd5 4. exd5 Qxd5 5. Nc3 Qd8 6. d4 c6 7. Nf3 Nf6 8.
Bc4 Be7 9. O-O O-O 10. h3 Nbd7 11. Re1 Nb6 12. Bb3 h6 13. a3 Bd6 14. Ne5 Nfd5
15. Qd3 Be6 16. Bc2 Nf6 17. Ne4 Nbd5 18. Nxd6 Qxd6 19. Bxh6 Rfe8 20. Bxg7 1-0

[Event "VL2021 MVP"]
[Site "MVP"]
[Date "2020.09.27"]
[Round "1.8"]
[White "Goertz, Frank"]
[Black "Schmidt, Arne"]
[Result "1-0"]
[WhiteElo "1778"]
[BlackElo "1674"]
[PlyCount "57"]
[EventDate "2020.??.??"]
[EventType "team-tourn"]
[EventRounds "9"]
[EventCountry "GER"]
[WhiteTeam "SF Schwerin III"]
[BlackTeam "SF Schwerin II"]
[WhiteTeamCountry "GER"]
[BlackTeamCountry "GER"]

1. e4 e5 2. f4 exf4 3. Nf3 h6 4. Bc4 d6 5. O-O Bg4 6. d4 g5 7. c3 c6 8. Qb3 Qc7
9. e5 d5 10. Bd3 Nd7 11. Nbd2 Ne7 12. Qc2 Bg7 13. b4 O-O-O 14. a4 Be6 15. Ba3
Nb6 16. b5 Nc4 17. Bxc4 dxc4 18. Bd6 Rxd6 19. exd6 Qxd6 20. bxc6 Qxc6 21. a5
Nf5 22. Rfb1 g4 23. Ne1 Ne3 24. Qe4 Qc7 25. Rb5 Bd5 26. Rxd5 Nxd5 27. Qxd5 Re8
28. Nxc4 Re2 29. Rb1 1-0

[Event "VL2021 MVP"]
[Site "MVP"]
[Date "2020.09.27"]
[Round "1.1"]
[White "Schmekel, Florian"]
[Black "Jaster, Robert"]
[Result "1/2-1/2"]
[WhiteElo "2084"]
[BlackElo "2260"]
[PlyCount "40"]
[EventDate "2020.??.??"]
[EventType "team-tourn"]
[EventRounds "9"]
[EventCountry "GER"]
[WhiteTeam "SAV Torgelow"]
[BlackTeam "SSC Rostock"]
[WhiteTeamCountry "GER"]
[BlackTeamCountry "GER"]

1. d4 f5 2. Nf3 Nf6 3. Bg5 e6 4. Nbd2 Be7 5. Bxf6 Bxf6 6. e4 O-O 7. Bd3 Nc6 8.
c3 d6 9. Qc2 Qe8 10. O-O-O Qh5 11. h3 f4 12. g4 fxg3 13. fxg3 e5 14. g4 Qg6 15.
Rdg1 Bg5 16. Nxg5 Qxg5 17. h4 Qe3 18. Re1 Qg3 19. Reg1 Qe3 20. Re1 Qg3 1/2-1/2

[Event "VL2021 MVP"]
[Site "MVP"]
[Date "2020.09.27"]
[Round "1.2"]
[White "Brock, Friedemann"]
[Black "Bauer, Norbert"]
[Result "0-1"]
[WhiteElo "2249"]
[BlackElo "2054"]
[Annotator "user"]
[PlyCount "29"]
[EventDate "2020.??.??"]
[EventType "team-tourn"]
[EventRounds "9"]
[EventCountry "GER"]
[WhiteTeam "SSC Rostock"]
[BlackTeam "SAV Torgelow"]
[WhiteTeamCountry "GER"]
[BlackTeamCountry "GER"]

1. d4 Nf6 2. c4 e6 3. Nf3 Bb4+ 4. Nbd2 b6 5. a3 Bxd2+ 6. Qxd2 Bb7 7. e3 O-O 8.
Be2 d6 9. O-O Nbd7 10. b4 Ne4 11. Qc2 c5 12. Bb2 f6 (12... f5 13. Rad1 Qe7 14.
Ne1 Rad8 15. f3 Nef6 16. Bd3 g6 17. e4 fxe4 18. fxe4 cxd4 19. Bxd4 e5 20. Be3
Ng4 21. Bc1 Rxf1+ 22. Bxf1) 13. Rad1 Qe7 14. Ne1 Rad8 15. f3 0-1

[Event "VL2021 MVP"]
[Site "MVP"]
[Date "2020.09.27"]
[Round "1.3"]
[White "Bress, Aaron"]
[Black "Kallweit, Paul"]
[Result "1/2-1/2"]
[WhiteElo "1795"]
[BlackElo "1832"]
[PlyCount "116"]
[EventDate "2020.??.??"]
[EventType "team-tourn"]
[EventRounds "9"]
[EventCountry "GER"]
[WhiteTeam "SAV Torgelow"]
[BlackTeam "SSC Rostock"]
[WhiteTeamCountry "GER"]
[BlackTeamCountry "GER"]

{[%evp 0,116,35,30,58,45,40,40,22,40,38,27,110,94,100,66,72,64,63,38,58,48,64,
15,29,36,33,32,69,44,40,6,28,40,52,39,102,86,83,71,117,94,105,92,109,96,123,64,
47,58,56,88,100,16,81,19,29,19,17,35,33,20,38,38,51,50,75,48,65,84,111,146,117,
32,64,19,28,12,47,54,72,86,86,57,60,71,83,76,70,50,71,65,80,64,57,22,32,57,110,
101,73,76,69,49,74,0,0,-39,21,-7,-5,2,2,0,28,49,40,40,29]} 1. e4 c5 2. Nf3 e6
3. d4 cxd4 4. Nxd4 Nc6 5. Nc3 Qc7 6. Be2 a6 7. O-O Nf6 8. Be3 Bb4 9. Na4 Be7
10. Nxc6 bxc6 11. Nb6 Rb8 12. Nxc8 Qxc8 13. Bd4 c5 14. Be5 Rb6 15. b3 O-O 16.
Qd3 d6 17. Bc3 c4 18. bxc4 Nd7 19. Rab1 Rc6 20. f4 Bf6 21. Ba5 Nc5 22. Qf3 Na4
23. Bd3 Bd4+ 24. Kh1 e5 25. f5 f6 {[%emt 0:00:00]} 26. g4 {[%emt 0:00:00]} h6 {
[%emt 0:00:00]} 27. h4 Bc3 28. Bxc3 Nxc3 29. Rb3 Na4 30. Rfb1 Nc5 31. Rb4 Kf7
32. Kg2 Rh8 33. Qg3 Rc7 34. g5 hxg5 35. hxg5 Qg8 36. Rb6 Ke7 37. Kf3 Qh7 38.
gxf6+ gxf6 39. Rg1 Qh3 40. Bf1 Qxg3+ 41. Rxg3 Rh7 42. Rg8 Rf7 43. Rbb8 Kd7 44.
Ke3 Kc6 45. Be2 Rb7 46. Rbc8+ Rfc7 47. Rcf8 Nd7 48. Ra8 Ra7 49. Rxa7 Rxa7 50.
Bh5 Nb6 51. Rf8 Rh7 52. Be8+ Kc5 53. Rxf6 Rh3+ 54. Ke2 Nxc4 55. Rg6 Rh2+ 56.
Kf3 Nd2+ 57. Ke3 Nc4+ 58. Kf3 Nd2+ 1/2-1/2

[Event "VL2021 MVP"]
[Site "MVP"]
[Date "2020.09.27"]
[Round "1.5"]
[White "Ehlers, Michael"]
[Black "Schmidt, Peter"]
[Result "0-1"]
[WhiteElo "1941"]
[BlackElo "2109"]
[PlyCount "60"]
[EventDate "2020.??.??"]
[EventType "team-tourn"]
[EventRounds "9"]
[EventCountry "GER"]
[WhiteTeam "SAV Torgelow"]
[BlackTeam "SSC Rostock"]
[WhiteTeamCountry "GER"]
[BlackTeamCountry "GER"]

1. e4 g6 2. d4 Bg7 3. Nf3 d6 4. Bc4 e6 5. O-O Ne7 6. c3 O-O 7. Bg5 h6 8. Be3 a6
9. Qd2 Kh7 10. Na3 Nd7 11. Nc2 b5 12. Bd3 c5 13. a4 c4 14. Be2 Bb7 15. Na3 Bxe4
16. axb5 axb5 17. Nxb5 Bxf3 18. Bxf3 Rxa1 19. Rxa1 Qb6 20. Na3 d5 21. Nc2 Nc6
22. Bf4 Qxb2 23. Ra6 Qb7 24. Ra1 Ra8 25. Qc1 Rxa1 26. Qxa1 Bf8 27. Ne3 Qa7 28.
Qxa7 Nxa7 29. Bd1 Nb5 30. Ba4 Nxc3 0-1

[Event "VL2021 MVP"]
[Site "MVP"]
[Date "2020.09.27"]
[Round "1.6"]
[White "Tin, Sergey"]
[Black "Schmidt, Paul"]
[Result "1-0"]
[WhiteElo "2034"]
[BlackElo "1915"]
[PlyCount "71"]
[EventDate "2020.??.??"]
[EventType "team-tourn"]
[EventRounds "9"]
[EventCountry "GER"]
[WhiteTeam "SSC Rostock"]
[BlackTeam "SAV Torgelow"]
[WhiteTeamCountry "GER"]
[BlackTeamCountry "GER"]

1. e4 c5 2. Nf3 d6 3. d4 cxd4 4. Nxd4 Nf6 5. Nc3 a6 6. Be2 e5 7. Nb3 Be7 8. O-O
Be6 9. f4 exf4 10. Bxf4 O-O 11. Bf3 Nc6 12. Kh1 Rc8 13. Nd4 Nxd4 14. Qxd4 Rc4
15. Qd2 Qb6 16. b3 Rcc8 17. Ne2 Rfd8 18. c4 Ng4 19. Nd4 Ne5 20. Rad1 Nxf3 21.
gxf3 Qc5 22. a4 Qh5 23. Nxe6 fxe6 24. Qb4 Rc7 25. Qb6 Rcd7 26. e5 Rf8 27. exd6
Bd8 28. Qe3 Rdf7 29. Qxe6 Kh8 30. Be5 Rxf3 31. Rg1 Bf6 32. Bxf6 R3xf6 33. Qg4
Qf7 34. d7 Rd8 35. Rge1 Rf2 36. Qe4 1-0

[Event "VL2021 MVP"]
[Site "MVP"]
[Date "2020.09.27"]
[Round "1.7"]
[White "Troemer, Felix"]
[Black "Hodl, Ingolf"]
[Result "0-1"]
[WhiteElo "1753"]
[BlackElo "1911"]
[PlyCount "34"]
[EventDate "2020.??.??"]
[EventType "team-tourn"]
[EventRounds "9"]
[EventCountry "GER"]
[WhiteTeam "SAV Torgelow"]
[BlackTeam "SSC Rostock"]
[WhiteTeamCountry "GER"]
[BlackTeamCountry "GER"]

1. e4 Nf6 2. e5 Nd5 3. Nf3 d6 4. Bc4 Nb6 5. Bb3 Nc6 6. Qe2 d5 7. h3 Bf5 8. O-O
Qd7 9. d3 h6 10. c4 e6 11. Nc3 Be7 12. Nb5 dxc4 13. Bxc4 a6 14. Rd1 axb5 15.
Bxb5 O-O 16. Be3 Nd5 17. Nd4 Nxd4 0-1

[Event "VL2021 MVP"]
[Site "MVP"]
[Date "2020.09.27"]
[Round "1.1"]
[White "Stutz, Reno"]
[Black "Lehmann, Ruben"]
[Result "0-1"]
[WhiteElo "2039"]
[BlackElo "1954"]
[PlyCount "100"]
[EventDate "2020.??.??"]
[EventType "team-tourn"]
[EventRounds "9"]
[EventCountry "GER"]
[WhiteTeam "ASV GW Wismar"]
[BlackTeam "HSG Stralsund"]
[WhiteTeamCountry "GER"]
[BlackTeamCountry "GER"]

1. d4 c5 2. dxc5 Nf6 3. Nc3 e6 4. e4 Bxc5 5. e5 Ng8 6. Qg4 Kf8 7. Ne4 Qb6 8.
Nxc5 Qxc5 9. Be3 Qxe5 10. O-O-O Nc6 11. Nf3 Qa5 12. Bc4 d5 13. Bb3 Nge7 14. Qf4
f6 15. Qd6 Kf7 16. g4 Rd8 17. Qg3 e5 18. Rhg1 Be6 19. g5 Nf5 20. Qh3 Nxe3 21.
Qh5+ Kg8 22. fxe3 f5 23. g6 h6 24. Ng5 hxg5 25. Qxg5 Qc7 26. Rdf1 Na5 27. Qh5
Nxb3+ 28. axb3 Rac8 29. Rg2 Kf8 30. Qh8+ Ke7 31. Qxg7+ Kd6 32. Qf6 Qe7 33. Rxf5
Qxf6 34. Rxf6 Rf8 35. Rxf8 Rxf8 36. h4 Rf1+ 37. Kd2 Rh1 38. g7 Bg8 39. Rg4 Rh2+
40. Kc3 Kc5 41. b4+ Kb5 42. Rg5 Rxh4 43. Rxe5 Rc4+ 44. Kd2 Rc7 45. e4 Rxg7 46.
exd5 Rd7 47. d6+ Kxb4 48. c3+ Kc4 49. Rh5 Rxd6+ 50. Kc2 Rd5 0-1

[Event "VL2021 MVP"]
[Site "MVP"]
[Date "2020.09.27"]
[Round "1.2"]
[White "Hubert, Peter"]
[Black "Kliewe, Hans Juergen"]
[Result "1-0"]
[WhiteElo "2114"]
[BlackElo "2110"]
[PlyCount "85"]
[EventDate "2020.??.??"]
[EventType "team-tourn"]
[EventRounds "9"]
[EventCountry "GER"]
[WhiteTeam "HSG Stralsund"]
[BlackTeam "ASV GW Wismar"]
[WhiteTeamCountry "GER"]
[BlackTeamCountry "GER"]

1. Nf3 d5 2. d4 Nf6 3. Bf4 Bf5 4. e3 e6 5. Bd3 Ne4 6. O-O Be7 7. c4 c6 8. Nc3
Nd7 9. cxd5 Nxc3 10. bxc3 cxd5 11. Bxf5 exf5 12. Qd3 g6 13. Qb5 O-O 14. Qxd5 b6
15. a4 Nf6 16. Qxd8 Rfxd8 17. Bg5 Kg7 18. c4 Bb4 19. Rab1 a5 20. Ne5 Rac8 21.
Rfc1 Rd6 22. Bxf6+ Kxf6 23. Nd3 Rdc6 24. Nxb4 axb4 25. Rxb4 g5 26. Kf1 h5 27.
Ke2 g4 28. Kd3 Kg5 29. g3 h4 30. Rb5 hxg3 31. hxg3 Ra8 32. e4 Rxa4 33. Rxf5+
Kg6 34. Rc3 f6 35. Rb5 Ra2 36. Ke3 Ra1 37. d5 Rd6 38. Rcb3 Re1+ 39. Kf4 Rf1 40.
Rb2 Kh5 41. c5 bxc5 42. Rxc5 Ra6 43. d6+ 1-0

[Event "VL2021 MVP"]
[Site "MVP"]
[Date "2020.09.27"]
[Round "1.3"]
[White "Borchert, Ulf"]
[Black "Wichert, Till"]
[Result "0-1"]
[WhiteElo "1990"]
[BlackElo "2020"]
[PlyCount "74"]
[EventDate "2020.??.??"]
[EventType "team-tourn"]
[EventRounds "9"]
[EventCountry "GER"]
[WhiteTeam "ASV GW Wismar"]
[BlackTeam "HSG Stralsund"]
[WhiteTeamCountry "GER"]
[BlackTeamCountry "GER"]

1. d4 e6 2. Nf3 f5 3. g3 Nf6 4. Bg2 Be7 5. c4 O-O 6. O-O d6 7. Nc3 Ne4 8. Qc2
Nxc3 9. bxc3 Nc6 10. h4 e5 11. Bg5 h6 12. Bxe7 Qxe7 13. e3 f4 14. dxe5 fxg3 15.
fxg3 Nxe5 16. Nxe5 Qxe5 17. Rxf8+ Kxf8 18. Qh7 Be6 19. Qh8+ Bg8 20. Kh2 Ke7 21.
Rf1 Re8 22. Rf4 Bd5 23. Qh7 Bxg2 24. Kxg2 Kd7 25. Rf7+ Re7 26. Rxe7+ Kxe7 27.
Qd3 Qa5 28. Qd4 Qxa2+ 29. Kh3 Kf8 30. Qd5 Qb1 31. c5 Ke7 32. e4 Qh1+ 33. Kg4
h5+ 34. Kxh5 Qf3+ 35. Kg5 Qxg3+ 36. Kh5 g6+ 37. Kh6 Qxh4+ 0-1

[Event "VL2021 MVP"]
[Site "MVP"]
[Date "2020.09.27"]
[Round "1.4"]
[White "Mehl, Ronald"]
[Black "Schulz, Bernd"]
[Result "1-0"]
[WhiteElo "2099"]
[BlackElo "1894"]
[PlyCount "73"]
[EventDate "2020.??.??"]
[EventType "team-tourn"]
[EventRounds "9"]
[EventCountry "GER"]
[WhiteTeam "HSG Stralsund"]
[BlackTeam "ASV GW Wismar"]
[WhiteTeamCountry "GER"]
[BlackTeamCountry "GER"]

1. d4 d5 2. c4 e6 3. e3 Nf6 4. Nf3 Bd6 5. Nc3 O-O 6. Bd3 c5 7. O-O Nc6 8. Qe2
b6 9. Rd1 cxd4 10. exd4 Nb4 11. cxd5 Nxd3 12. Qxd3 exd5 13. Bg5 Be7 14. Re1 Be6
15. Ne5 Rc8 16. Re3 Re8 17. Rae1 Nd7 18. Nxf7 Bxf7 19. Rxe7 Rxe7 20. Rxe7 Nf6
21. Bxf6 gxf6 22. Qg3+ Bg6 23. Re1 Qd7 24. Qf3 Kf7 25. h4 h5 26. Qxd5+ Qxd5 27.
Nxd5 Rd8 28. Nc3 Rxd4 29. Rd1 Rxh4 30. Rd7+ Ke6 31. Rxa7 Rb4 32. b3 Ke5 33. Rd7
Bf5 34. Rd5+ Ke6 35. f3 Bg6 36. Kf2 Rf4 37. Rb5 1-0

[Event "VL2021 MVP"]
[Site "MVP"]
[Date "2020.09.27"]
[Round "1.6"]
[White "Glawe, Hartmut"]
[Black "Raessler, Arndt"]
[Result "1/2-1/2"]
[WhiteElo "2017"]
[BlackElo "1931"]
[PlyCount "34"]
[EventDate "2020.??.??"]
[EventType "team-tourn"]
[EventRounds "9"]
[EventCountry "GER"]
[WhiteTeam "HSG Stralsund"]
[BlackTeam "ASV GW Wismar"]
[WhiteTeamCountry "GER"]
[BlackTeamCountry "GER"]

1. d4 Nf6 2. Bf4 e6 3. e3 d5 4. Nf3 c5 5. c3 Be7 6. h3 b6 7. Bd3 Bb7 8. Nbd2
Nbd7 9. O-O O-O 10. Qe2 Ne4 11. Rfd1 f5 12. Ba6 Bxa6 13. Qxa6 g5 14. Bh2 Rf7
15. Nxe4 fxe4 16. Ne5 Nxe5 17. Bxe5 Bd6 1/2-1/2

[Event "VL2021 MVP"]
[Site "MVP"]
[Date "2020.09.27"]
[Round "1.1"]
[White "Stoevesand, Peter"]
[Black "Waschk, Armin"]
[Result "0-1"]
[WhiteElo "1754"]
[BlackElo "2166"]
[PlyCount "124"]
[EventDate "2020.??.??"]
[EventType "team-tourn"]
[EventRounds "9"]
[EventCountry "GER"]
[WhiteTeam "SG Neubrandenburg"]
[BlackTeam "SG Guestrow/Teterow"]
[WhiteTeamCountry "GER"]
[BlackTeamCountry "GER"]

1. e4 c5 2. Nf3 d6 3. d4 cxd4 4. Nxd4 Nf6 5. Nc3 a6 6. Be2 e5 7. Nb3 Be7 8. Be3
Be6 9. Qd2 Qc7 10. Bf3 O-O 11. O-O Rd8 12. g3 d5 13. exd5 Bb4 14. dxe6 Rxd2 15.
exf7+ Kxf7 16. Bxd2 Bxc3 17. Bxc3 Nbd7 18. Rfe1 Re8 19. Re2 b5 20. Rd1 Qc4 21.
Red2 Nb6 22. Be2 Qc8 23. Bb4 Ne4 24. c3 Nxd2 25. Nxd2 e4 26. Nf1 Nc4 27. b3 Ne5
28. Rd5 Nc6 29. Ba3 Rd8 30. Rc5 Qd7 31. Bc1 Kg8 32. Bf4 h6 33. Kg2 g5 34. Be3
Qe6 35. c4 b4 36. Rd5 Qf6 37. Rxd8+ Qxd8 38. c5 a5 39. Nd2 Ne5 40. Nxe4 Qa8 41.
f3 g4 42. Bxh6 gxf3+ 43. Bxf3 Nxf3 44. Kxf3 a4 45. Be3 axb3 46. axb3 Qd5 47. h4
Qxb3 48. Nd2 Qd3 49. g4 b3 50. Nxb3 Qxb3 51. h5 Kf7 52. h6 Qd5+ 53. Kf2 Qe4 54.
g5 Kg6 55. Ke2 Kh5 56. Kd2 Kg4 57. g6 Qxg6 58. Kc3 Kf3 59. Bc1 Qe4 60. Kb3 Ke2
61. Bb2 Kd3 62. Bg7 Qc4+ 0-1

[Event "VL2021 MVP"]
[Site "MVP"]
[Date "2020.09.27"]
[Round "1.2"]
[White "Luther, Alexander"]
[Black "Schulz, Daniel"]
[Result "1-0"]
[WhiteElo "2052"]
[BlackElo "1817"]
[PlyCount "33"]
[EventDate "2020.??.??"]
[EventType "team-tourn"]
[EventRounds "9"]
[EventCountry "GER"]
[WhiteTeam "SG Guestrow/Teterow"]
[BlackTeam "SG Neubrandenburg"]
[WhiteTeamCountry "GER"]
[BlackTeamCountry "GER"]

1. d4 Nf6 2. c4 e6 3. Nc3 Bb4 4. f3 c5 5. d5 d6 6. e4 O-O 7. Bd2 e5 8. Bd3 Nh5
9. Nge2 Qh4+ 10. g3 Qh3 11. Qc2 a6 12. O-O-O b5 13. g4 bxc4 14. Bxc4 Nf6 15.
Bg5 Bxc3 16. Ng1 Bd2+ 17. Rxd2 1-0

[Event "VL2021 MVP"]
[Site "MVP"]
[Date "2020.09.27"]
[Round "1.3"]
[White "Rossmann, Andreas"]
[Black "Dettmann, Gerd"]
[Result "1/2-1/2"]
[WhiteElo "2073"]
[BlackElo "2102"]
[PlyCount "112"]
[EventDate "2020.??.??"]
[EventType "team-tourn"]
[EventRounds "9"]
[EventCountry "GER"]
[WhiteTeam "SG Neubrandenburg"]
[BlackTeam "SG Guestrow/Teterow"]
[WhiteTeamCountry "GER"]
[BlackTeamCountry "GER"]

1. Nf3 c5 2. e4 d6 3. d4 cxd4 4. Nxd4 Nf6 5. Nc3 a6 6. Be2 e6 7. O-O b5 8. Bf3
e5 9. Nb3 Be7 10. Bg5 Nbd7 11. Nd5 Nb6 12. Nxe7 Qxe7 13. Na5 O-O 14. Qd2 Nc4
15. Qb4 Nxa5 16. Qxa5 h6 17. Bxf6 Qxf6 18. Rfd1 Qe7 19. Rd2 Be6 20. Rad1 Rfd8
21. Qb6 Rac8 22. a3 Rb8 23. Qxa6 b4 24. axb4 Rxb4 25. b3 Rc8 26. Qa3 Rb6 27. h3
Qc7 28. Rxd6 Rxd6 29. Qxd6 Qxc2 30. b4 Qb2 31. Rd2 Qa1+ 32. Kh2 Rc1 33. Rd1
Rxd1 34. Qxd1 Qb2 35. Qd8+ Kh7 36. Qb6 Qc3 37. Qc5 Qxc5 38. bxc5 Kg8 39. Be2
Kf8 40. Kg3 Ke7 41. f4 f6 42. fxe5 fxe5 43. Bb5 Bb3 44. Bc6 Be6 45. Kf3 g5 46.
Ke3 h5 47. Kd3 h4 48. Kc3 Kd8 49. Bd5 Bc8 50. Kd3 Kc7 51. Ke3 g4 52. hxg4 Bxg4
53. Kf2 Kd7 54. Kg1 Kc7 55. Kh2 Kd7 56. g3 h3 1/2-1/2

[Event "VL2021 MVP"]
[Site "MVP"]
[Date "2020.09.27"]
[Round "1.4"]
[White "Seiler, Dirk"]
[Black "Kunow, Frank"]
[Result "1-0"]
[WhiteElo "2122"]
[BlackElo "1885"]
[PlyCount "95"]
[EventDate "2020.??.??"]
[EventType "team-tourn"]
[EventRounds "9"]
[EventCountry "GER"]
[WhiteTeam "SG Guestrow/Teterow"]
[BlackTeam "SG Neubrandenburg"]
[WhiteTeamCountry "GER"]
[BlackTeamCountry "GER"]

1. d4 Nf6 2. Nf3 e6 3. Bg5 h6 4. Bh4 b6 5. e3 c5 6. Nbd2 Bb7 7. Bd3 d5 8. c3
Be7 9. Ne5 O-O 10. f4 Nc6 11. Qe2 a5 12. O-O Nxe5 13. fxe5 Ne4 14. Bxe7 Qxe7
15. Bxe4 dxe4 16. Rf4 f5 17. exf6 Rxf6 18. Rxf6 Qxf6 19. Qg4 Qf5 20. Qxf5 exf5
21. Nc4 cxd4 22. cxd4 b5 23. Nd6 Bc8 24. Rc1 Be6 25. a3 b4 26. Rc5 bxa3 27.
bxa3 g6 28. Kf2 a4 29. Rc7 Ra6 30. Nb7 Rb6 31. Nc5 Rb2+ 32. Kg3 Bb3 33. Rb7 g5
34. Nxa4 Rb1 35. Nc5 f4+ 36. exf4 gxf4+ 37. Kxf4 Rf1+ 38. Kxe4 Bc2+ 39. Ke3 Rg1
40. a4 Rxg2 41. a5 Bd1 42. a6 Re2+ 43. Kf4 Rf2+ 44. Ke5 Bf3 45. d5 Re2+ 46. Kd4
Rxh2 47. a7 Rh4+ 48. Ke3 1-0

[Event "VL2021 MVP"]
[Site "MVP"]
[Date "2020.09.27"]
[Round "1.5"]
[White "Pruesse, Horst"]
[Black "Gebert-Vangeel, Ralf"]
[Result "0-1"]
[WhiteElo "2093"]
[BlackElo "2058"]
[PlyCount "104"]
[EventDate "2020.??.??"]
[EventType "team-tourn"]
[EventRounds "9"]
[EventCountry "GER"]
[WhiteTeam "SG Neubrandenburg"]
[BlackTeam "SG Guestrow/Teterow"]
[WhiteTeamCountry "GER"]
[BlackTeamCountry "GER"]

1. e4 e5 2. Bc4 Nf6 3. d3 Be7 4. Nc3 O-O 5. f4 d6 6. f5 c6 7. Qf3 b5 8. Bb3 a5
9. a3 Bb7 10. g4 Na6 11. g5 Nd7 12. g6 b4 13. Bxf7+ Rxf7 14. gxf7+ Kxf7 15.
Nce2 d5 16. Ng3 Nac5 17. Nh3 b3 18. c3 Nf6 19. Nf2 Ba6 20. Bg5 Ra7 21. Nh5 Nxh5
22. Qxh5+ Kg8 23. Bxe7 Rxe7 24. O-O-O Qf8 25. Rhg1 Kh8 26. Rg6 Bb5 27. Rdg1
Bxd3 28. f6 gxf6 29. R6g3 Bxe4 30. Nxe4 Nxe4 31. Rf3 Rg7 32. Re1 Rg6 33. Qxe5
fxe5 34. Rxf8+ Kg7 35. Ra8 Rg2 36. Rxa5 Rc2+ 37. Kb1 Nd2+ 38. Ka1 e4 39. Rc5
Nf3 40. Rb1 Ne5 41. a4 Kf6 42. a5 Rg2 43. a6 Rg7 44. Ra5 Ra7 45. Ra3 Nc4 46.
Rf1+ Ke5 47. Ra4 e3 48. Re1 Ke4 49. Kb1 Kf3 50. Rb4 Kf2 51. Rh1 e2 52. Rxb3
Nd2+ 0-1